Normal view MARC view

Entry Personal Name

Number of records used in: 1

001 - CONTROL NUMBER

  • control field: 11049

003 - CONTROL NUMBER IDENTIFIER

  • control field: OSt

005 - DATE AND TIME OF LATEST TRANSACTION

  • control field: 20220114143300.0

008 - FIXED-LENGTH DATA ELEMENTS

  • fixed length control field: 220114|| aca||aabn | a|a d

040 ## - CATALOGING SOURCE

  • Original cataloging agency: OSt
  • Transcribing agency: OSt

100 ## - HEADING--PERSONAL NAME

  • Personal name: Arena, Alien Digit

670 ## - SOURCE DATA FOUND

  • Source citation: Work cat.: (OSt): Arena, Alien Digit, Just so stories, 13 HD movie trailers, 5 full length movies,, 2008

Powered by Koha